Basic entomology: A practical manual (Record no. 26860)

MARC details
000 -LEADER
fixed length control field 00454nam a2200169Ia 4500
008 - FIXED-LENGTH DATA ELEMENTS--GENERAL INFORMATION
fixed length control field 230917s9999||||xx |||||||||||||| ||und||
020 ## - ISBN
Price RS695
040 ## - CATALOGING SOURCE
-- 247746
Original cataloging agency VIVEKANANDA LIBRARY
041 ## - Language
-- English
082 ## - DDC NUMBER
Classification number 595.7 S82B
100 ## - MAIN ENTRY--PERSONAL NAME
Personal name Sathe, T V
245 #0 - TITLE STATEMENT
Title Basic entomology: A practical manual
260 ## - PUBLICATION, DISTRIBUTION, ETC. (IMPRINT)
Place of publication, distribution, etc New Delhi
Name of publisher, distributor, etc Daya Publishing House
Date of publication, distribution, etc 2017
300 ## - PHYSICAL DESCRIPTION
Pages 118 p.
500 ## - GENERAL NOTE
General note 3128 25/05/2018 RBP18/71411 01/06/2018 Main Budget
942 ## - ADDED ENTRY ELEMENTS (KOHA)
Koha item type Books
Holdings
Withdrawn status Lost status Damaged status Not for loan Location (home branch) Sublocation or collection (holding branch) Date acquired Koha issues (times borrowed) Koha full call number Accession No. Koha date last seen Koha item type
        VIVEKANANDA LIBRARY VIVEKANANDA LIBRARY 21/06/2018   595.7 S82B 373121 17/09/2023 Books
        VIVEKANANDA LIBRARY VIVEKANANDA LIBRARY 21/06/2018   595.7 S82B 380017 17/09/2023 Books
        VIVEKANANDA LIBRARY VIVEKANANDA LIBRARY 21/06/2018   595.7 S82B 380018 17/09/2023 Books
        VIVEKANANDA LIBRARY VIVEKANANDA LIBRARY 21/06/2018   595.7 S82B 380019 17/09/2023 Books
        VIVEKANANDA LIBRARY VIVEKANANDA LIBRARY 21/06/2018   595.7 S82B 380020 17/09/2023 Books
© Designed and Maintained by Vivekananda Library, MDU Rohtak